Código de Minería: edición oficial, aprobada por Decreto N§285, de 14 de abril de 2003, del Ministerio de Justicia
Gorde:
| Formatua: | Liburua |
|---|---|
| Hizkuntza: | gaztelania |
| Argitaratua: |
Santiago
Jurídica de Chile
2003
|
| Edizioa: | 5a. ed |
| Gaiak: | |
| Etiketak: |
Etiketa erantsi
Etiketarik gabe, Izan zaitez lehena erregistro honi etiketa jartzen!
|
MARC
| LEADER | 00000nam a2200000 a 4500 | ||
|---|---|---|---|
| 001 | UCI9479 | ||
| 003 | CL-VaPUC | ||
| 008 | 081120e20030600CL |||||||||||||||||spa|d | ||
| 020 | |a 9561014742 | ||
| 082 | 0 | 4 | |a 343.83077 |b COD |2 21 |
| 245 | 1 | 0 | |a Código de Minería: edición oficial, aprobada por Decreto N§285, de 14 de abril de 2003, del Ministerio de Justicia |
| 250 | |a 5a. ed | ||
| 300 | |a 352 p | ||
| 942 | |c BK | ||
| 945 | |d 20081120 00:00:00 |a cmena | ||
| 260 | |a Santiago |b Jurídica de Chile |c 2003 | ||
| 500 | |a Apéndice actualizado a mayo de 2003 | ||
| 650 | 0 | |a Derecho de minería |9 344919 | |
| 650 | 0 | |a Código de minería |9 256729 | |
| 651 | 7 | |a CHILE |2 CL-VaPUC |9 533258 | |
| 583 | |a last modification |c 20081120 00:00:00 |k Rodrigo Vera | ||
| 999 | |c 332003 |d 332001 | ||
| 952 | |0 0 |1 0 |2 ddc |4 0 |6 343_830770000000000_COD_2003 |7 0 |8 FOND_LRYV |9 419324 |a BIBDER |b BIBDER |d 2019-11-22 |i 3920917 |o 343.83077 COD 2003 |p 3920917 |r 2023-01-25 |w 2019-11-22 |y BK_X |k DER | ||